| 000 | 00607 a2200169 4500 | ||
|---|---|---|---|
| 003 | Nust | ||
| 005 | 20221027183419.0 | ||
| 040 | _cNust | ||
| 082 | _a621.31,REE | ||
| 100 |
_aReed, Henry R. _9101586 |
||
| 245 |
_aElectrical communications experiments / _cHenry R. Reed & Gerorge F. Corcoran |
||
| 260 |
_aJohn Wiley _bNew York _c1952 |
||
| 300 | _a458 p. | ||
| 505 | _aPart 1: D-C Fundamentals (Page-27), Part 2 : A-C Fundamentals (Page-101), Part 3: Engineering Electronics (Page-209), Part 4: Radio Engineering (Page-321). | ||
| 650 |
_aElectrical communications experiments _9101587 |
||
| 942 |
_2ddc _cBK |
||
| 999 |
_c180312 _d180312 |
||